Total War Warhammer III - Bretonnia - Statistics

General Stats
  • This quiz has been taken 25 times
  • The average score is 11 of 35
Answer Stats
Unit Type Unit % Correct
Legendary Hero The Green Knight
83%
Melee Cavalry Grail Knights
67%
Hero Paladin
67%
Legendary Lord Alberic de Bordeleaux
61%
Legendary Lord Louen Leoncoeur
61%
Melee Infantry Men-at-Arms
61%
Legendary Lord The Fay Enchantress
61%
Melee Infantry Peasant Mob
56%
Flying Cavalry Pegasus Knights
56%
Melee Cavalry Knights of the Realm
50%
Missile Infantry Peasant Bowmen
44%
Melee Cavalry Questing Knights
44%
Legendary Lord Repanse de Lyonesse
44%
Melee Infantry Foot Squires
39%
Melee Infantry Battle Pilgrims
33%
Hero Damsel
33%
Melee Cavalry Grail Guardians
28%
Melee Cavalry Knights Errant
28%
Lord Lord
28%
Melee Cavalry Mounted Yeomen
28%
Legendary Hero Henri le Massif
22%
Flying Cavalry Royal Pegasus Knights
22%
Flying Cavalry Royal Hippogryph Knights
17%
Melee Infantry Spearmen-at-Arms
17%
Artillery Field Trebuchets
11%
Melee Infantry Grail Reliquae
11%
Lord Prophetess
11%
RoR variant Beastslayers of Bastonne
6%
Artillery Blessed Field Trebuchets
6%
RoR variant Defenders of the Fleur-de-Lis
0%
RoR variant Knights of the Lionhearted
0%
Missile Cavalry Mounted Yeomen Archers
0%
RoR variant The Companions of Quenelles
0%
RoR variant The Holy Wardens of La Maisontaal
0%
RoR variant Wardens of Montfort
0%
No matching quizzes found
Score Distribution
Percent of People with Each Score
Percentile by Number Answered
Your Score History
You have not taken this quiz